000 00297nam a22001337a 4500
008 171016b xxu||||| |||| 00| 0 eng d
020 _a9780028227115
041 _aeng
080 _a33
100 _a52
101 _aEKO
245 _aAPPLYING ECONOMIC PRINCIPLES
_cGORDON,S.D
942 _2udc
_cBK
999 _c34203
_d34203